000 00309nam a22001217a 4500
041 _aENG
100 _aUpadshyay.A.S
245 _aHandbook On Design Construction And Equipnents In Coastal Aguacuture
260 _aBombay
_bAllied Pub
_c1994
300 _a112
650 _aSWCE ( 06 )
856 _uSWCE ( 06 )
999 _c2946
_d2946